000 00289nam a22001337a 4500
008 181004b xxu||||| |||| 00| 0 eng d
020 _a9780470496749
041 _aeng
080 _a330
100 _a59
101 _aBUS
245 _aContemporary Business
_cKurtz.B
942 _2udc
_cBK
999 _c48859
_d48859